| 000 | 01027nam a22003257a 4500 | ||
|---|---|---|---|
| 003 | CHAP | ||
| 005 | 20220329133417.0 | ||
| 008 | 971013s1982 r 00010 d | ||
| 010 | _a6064 | ||
| 011 | _a7036 | ||
| 035 | _a6259 | ||
| 040 | _cCHAP | ||
| 082 |
_a634.94 _bJ3 |
||
| 100 | 0 | 0 |
_aJahn, Gisela. _960906 |
| 245 | _aApplication of vegetation science to forestry | ||
| 260 |
_aThe Hague : _bJunk Publishers, _c1982 |
||
| 300 |
_a405 p. _b: ilus. ; gráfs. |
||
| 490 |
_aHandbook of vegetation science _v; XII |
||
| 500 | _a60-207 | ||
| 590 |
_aBATCH-UPD _b10 _c20130110 _lUCH01 _h2000 |
||
| 590 |
_aBATCH-UPD _b10 _c20130410 _lUCH01 _h1320 |
||
| 590 |
_aBATCH-UPD _b10 _c20130914 _lUCH01 _h1250 |
||
| 590 |
_aCONVERSION _b10 _c20130109 _lUCH01 _h1304 |
||
| 650 | 1 | 4 |
_aEcología forestal. _935176 |
| 650 | 1 | 4 |
_aEcología vegetal. _935188 |
| 830 | 0 |
_aHandbook of vegetation science _v; XII _952508 |
|
| 901 | _aBK | ||
| 942 | _cLIBRO | ||
| 949 |
_a634.94 J3 _bBC _cLIBRO _d33724000248654 _eLIBRO _gI.164517 _h82471 _i6259 _si _t585.00 |
||
| 999 |
_c6064 _d6064 |
||